| Tag |
First Indicator |
Second Indicator |
Subfields |
| LEADER |
00000nam a22000007i 4500 |
| 001 |
in00004649159 |
| 006 |
m o d |
| 007 |
cr cnu---unuuu |
| 008 |
230118s2022 pau ob 001 0 eng d |
| 005 |
20230306141532.2 |
| 020 |
|
|
|a 9780822988946
|q electronic book
|
| 020 |
|
|
|a 0822988941
|q electronic book
|
| 020 |
|
|
|z 0822947226
|
| 020 |
|
|
|z 9780822947226
|
| 035 |
|
|
|a (NhCcYBP)jstor22573/CTV35B5W3N
|
| 037 |
|
|
|a 22573/ctv35b5w3n
|b JSTOR
|
| 040 |
|
|
|a NhCcYBP
|c NhCcYBP
|
| 050 |
|
4 |
|a E29.B53
|b H46 2022
|
| 082 |
0 |
4 |
|a 305.89607
|2 23
|
| 245 |
0 |
0 |
|a Hemispheric blackness and the exigencies of accountability /
|c edited by Jennifer Gomez Menjivar, Hector Nicolas Ramos Flores.
|
| 264 |
|
1 |
|a Pittsburgh :
|b University of Pittsburgh Press,
|c 2022.
|
| 300 |
|
|
|a 1 online resource.
|
| 336 |
|
|
|a text
|b txt
|2 rdacontent
|
| 337 |
|
|
|a computer
|b c
|2 rdamedia
|
| 338 |
|
|
|a online resource
|b cr
|2 rdacarrier
|
| 504 |
|
|
|a Includes bibliographical references and index.
|
| 588 |
0 |
|
|a Description based upon online resource; title from PDF title page (viewed Feb 6th, 2023).
|
| 650 |
|
0 |
|a Black people
|x Race identity
|z America
|v Case studies.
|
| 655 |
|
7 |
|a Electronic books.
|2 local
|
| 700 |
1 |
|
|a Menjivar, Gomez, Jennifer,
|e editor.
|
| 700 |
1 |
|
|a Flores, Ramos, Nicolas, Hector,
|e editor.
|
| 776 |
1 |
8 |
|i Print version:
|t HEMISPHERIC BLACKNESS.
|d [S.l.] : UNIV OF PITTSBURGH PRESS, 2022
|z 9780822988946
|
| 856 |
4 |
0 |
|u http://proxy.library.tamu.edu/login?url=https://www.jstor.org/stable/10.2307/j.ctv35bfdxw
|z Connect to the full text of this electronic book
|t 0
|
| 955 |
|
|
|a JSTOR DDA record
|
| 999 |
f |
f |
|s b6d7456e-c672-45c6-b126-14bd0dd0eb49
|i 8b0c634a-0724-421a-8831-386efc22ad59
|t 0
|
| 952 |
f |
f |
|a Texas A&M University
|b College Station
|c Electronic Resources
|d Available Online
|t 0
|e E29.B53 H46 2022
|h Library of Congress classification
|
| 998 |
f |
f |
|a E29.B53 H46 2022
|t 0
|l Available Online
|